A review of the government assistance scheme to small industry in Singapore /
Saved in:
| Main Author: | |
|---|---|
| Format: | Thesis Book |
| Language: | English |
| Published: |
1985.
|
| Subjects: | |
| Tags: |
Add Tag
No Tags, Be the first to tag this record!
|
| LEADER | 00907cam a2200265 a 4500 | ||
|---|---|---|---|
| 001 | u49645 | ||
| 003 | SIRSI | ||
| 008 | 870316s1985 si v 00 eng | ||
| 015 | |a X860001870 | ||
| 035 | |a AAF-3436 | ||
| 040 | |a UMM | ||
| 043 | |a a-si--- | ||
| 090 | 0 | 0 | |a HD2346 |b S55Cho |
| 100 | 1 | 0 | |a Choy, Kah Wai. |
| 245 | 1 | 2 | |a A review of the government assistance scheme to small industry in Singapore / |c Choy Kah Wai. |
| 260 | |c 1985. | ||
| 502 | |a Dissertation (M.B.A.) -- National University of Singapore, 1985. | ||
| 504 | 0 | 0 | |a Includes bibliographies. |
| 650 | 0 | |a Small business |z Singapore |x Finance. | |
| 650 | 0 | |a Government business enterprises |z Singapore. | |
| 650 | 0 | |a Industrial policy |z Singapore. | |
| 651 | 0 | |a Singapore |x Economic policy. | |
| 948 | |a 16/03/1991 |b 02/09/1998 | ||
| 596 | |a 1 | ||
| 999 | |a HD2346 S55CHO [F] |w LC |c 1 |i A010182868 |d 7/12/2014 |e 7/12/2014 |l STACKS |m P01UTAMA |n 9 |r Y |s Y |t TESIS |u 16/10/1991 | ||
